Houses in multiple occupation (Record no. 78616)
[ view plain ]
| 000 -LEADER | |
|---|---|
| fixed length control field | 01017cab a22002055a 4500 |
| 001 - CONTROL NUMBER | |
| control field | L137467 |
| 008 - FIXED-LENGTH DATA ELEMENTS--GENERAL INFORMATION | |
| fixed length control field | 070410s2007 xxk f 000 0 eng d |
| 035 ## - SYSTEM CONTROL NUMBER | |
| System control number | (Sirsi) u137467 |
| 041 0# - LANGUAGE CODE | |
| Language code of text/sound track or separate title | eng |
| 100 1# - MAIN ENTRY--PERSONAL NAME | |
| Personal name | Mathuradas, Shilpa |
| 245 00 - TITLE STATEMENT | |
| Title | Houses in multiple occupation |
| Remainder of title | the new rules |
| 260 ## - PUBLICATION, DISTRIBUTION, ETC. | |
| Date of publication, distribution, etc. | 2007 |
| 490 ## - SERIES STATEMENT | |
| Series statement | News on the Block |
| Volume/sequential designation | (32) March 2007, 14(1) |
| 520 ## - SUMMARY, ETC. | |
| Summary, etc. | States that, although the Housing Act 2004 brought in a new regime for Houses in Multiple Occupation on 6 April 2006, the situation is unsatisfactory as local authorities are still not in a position to supply landlords with the relevant application forms. This has had the effect of leaving landlords unlicensed through no fault of their own. Discusses the costs that landlords will incur in complying with this legislation and the penalties they face if they ignore it. |
| 590 ## - LOCAL NOTE (RLIN) | |
| Local note | KA |
| 650 24 - SUBJECT ADDED ENTRY--TOPICAL TERM | |
| Topical term or geographic name entry element | HOUSING ACT 2004 |
| 651 #4 - SUBJECT ADDED ENTRY--GEOGRAPHIC NAME | |
| Geographic name | United Kingdom |
| Chronological subdivision | |
| 690 ## - LOCAL SUBJECT ADDED ENTRY--TOPICAL TERM (OCLC, RLIN) | |
| Topical term or geographic name as entry element | PROPERTY-LANDLORD AND TENANT-LANDLORD AND TENANT REFORM |
| 942 ## - ADDED ENTRY ELEMENTS (KOHA) | |
| Suppress in OPAC | 0 |
| Withdrawn status | Lost status | Source of classification or shelving scheme | Damaged status | Not for loan | Home library | Current library | Shelving location | Date acquired | Total Checkouts | Full call number | Barcode | Date last seen | Copy number | Price effective from | Koha item type |
|---|---|---|---|---|---|---|---|---|---|---|---|---|---|---|---|
| Dewey Decimal Classification | London | London | Journal article | 10/04/2007 | L137467 | 137467-1001 | 06/08/2019 | 1 | 06/08/2019 | Journal article |